000 00293nam a22001217a 4500
008 170814b xxu||||| |||| 00| 0 eng d
041 _aeng
080 _a51
100 _a36
101 _aMAT
245 _aMETHODS OF THE THEORY OF FUNCTIONS OF MANY COMPLEX
_cBOGOLYUNPV,N,N
942 _2udc
_cBK
999 _c23415
_d23415